Dans quelle ville joue ce club de Football - Statistiques

Statistiques générales
  • Ce quiz a été pris 280 fois
  • Le résultat moyen est 13 sur 15
Statistiques - réponses
Hint Réponse % Correct
Benfica Lisbonne
96%
Al-Nassr Riyad
96%
Galaxy Los Angeles
95%
Fiorentina Florence
93%
Feyenoord Rotterdam
92%
Atalanta Bergame
91%
Aston Villa Birmingham
91%
Young Boys Berne
90%
Boca Juniors Buenos Aires
90%
Flamengo Rio de Janeiro
87%
Everton Liverpool
86%
Rayo Vallecano Madrid
85%
Djurgårdens IF Stockholm
83%
Mamelodi Sundowns Pretoria
77%
Ferencváros TC Budapest
76%
Aucun quiz correspondant
Distribution des résultats
% des personnes avec chaque résultat
Percentile par nombre de réponses
Votre historique - résultats
Vous n’avez pas pris ce quiz